<?xml version="1.0" encoding="UTF-8"?><?xml-stylesheet type="text/xsl" href="static/style.xsl"?><OAI-PMH xmlns="http://www.openarchives.org/OAI/2.0/" xmlns:xsi="http://www.w3.org/2001/XMLSchema-instance" xsi:schemaLocation="http://www.openarchives.org/OAI/2.0/ http://www.openarchives.org/OAI/2.0/OAI-PMH.xsd"><responseDate>2026-06-03T11:46:35Z</responseDate><request verb="GetRecord" identifier="oai:riuma.uma.es:10630/33172" metadataPrefix="marc">https://riuma.uma.es/rest/oai/request</request><GetRecord><record><header><identifier>oai:riuma.uma.es:10630/33172</identifier><datestamp>2026-02-03T11:35:04Z</datestamp><setSpec>com_10630_2254</setSpec><setSpec>col_10630_37953</setSpec></header><metadata><record xmlns="http://www.loc.gov/MARC21/slim" xmlns:dcterms="http://purl.org/dc/terms/" xmlns:doc="http://www.lyncode.com/xoai" xmlns:xsi="http://www.w3.org/2001/XMLSchema-instance" xsi:schemaLocation="http://www.loc.gov/MARC21/slim http://www.loc.gov/standards/marcxml/schema/MARC21slim.xsd">
   <leader>00925njm 22002777a 4500</leader>
   <datafield ind2=" " ind1=" " tag="042">
      <subfield code="a">dc</subfield>
   </datafield>
   <datafield ind2=" " ind1=" " tag="720">
      <subfield code="a">Martin Martin, Jaime</subfield>
      <subfield code="e">author</subfield>
   </datafield>
   <datafield ind2=" " ind1=" " tag="720">
      <subfield code="a">Santos, Ignacio</subfield>
      <subfield code="e">author</subfield>
   </datafield>
   <datafield ind2=" " ind1=" " tag="720">
      <subfield code="a">Gaitán, María Jesús</subfield>
      <subfield code="e">author</subfield>
   </datafield>
   <datafield ind2=" " ind1=" " tag="720">
      <subfield code="a">Suárez, Juan</subfield>
      <subfield code="e">author</subfield>
   </datafield>
   <datafield ind2=" " ind1=" " tag="720">
      <subfield code="a">Rubio-Lamia, Leticia Olga</subfield>
      <subfield code="e">author</subfield>
   </datafield>
   <datafield ind2=" " ind1=" " tag="720">
      <subfield code="a">Martín de las Heras, Stella</subfield>
      <subfield code="e">author</subfield>
   </datafield>
   <datafield ind2=" " ind1=" " tag="260">
      <subfield code="c">2024-03-08</subfield>
   </datafield>
   <datafield ind2=" " ind1=" " tag="520">
      <subfield code="a">Age estimation is a major challenge in anthropology and forensic odontology laboratories, as well as in judicial settings, as one of the tools used in human identification. The aim of this study was to evaluate the usefulness of age estimation methods based on the accurate measurement of tooth color changes. A systematic review was carried out following the recommendations of the Preferred Reporting Items for Systematic Reviews and Meta-Analyses and in compliance with Cochrane criteria recommendations (PROSPERO registration number CRD 42022343371). An electronic search was performed in the following databases: Pubmed, Web of Science, Medline, Current Contents Connect, SciELO, KCI-Korean Journal Database, Derwent Innovations Index and Russian Citation Index. The search strategy yielded a total of 18 articles. A randomized meta-analysis model of the results for the CIE L*a*b* color variables stratified by age (less than 30 years, 30-60 years, 60 years and older) was performed with 9 of the 18 studies included in this systematic review. According to our results, sex and location of color measurement are the most influential factors in color estimation. All studies were carried out in healthy anterior teeth by spectrophotometry as the most commonly used method for color measurement, with CIE L*a*b* being the most commonly analyzed parameters. Studies based on age as a dependent variable showed R2 values between 0.28 and 0.56, being higher in ex vivo teeth. Studies based on age as an independent variable showed R2 values ranging from 0.10 to 0.48. The random model showed high heterogeneity for the L*, a* and b* parameters in all age groups, which is explained by discrepancies in age range and non-standardized conditions for color measurement. This systematic review highlights the need to protocolize age estimation studies that measure tooth color, in order to apply this method in different forensic settings.</subfield>
   </datafield>
   <datafield ind1="8" ind2=" " tag="024">
      <subfield code="a">Martín-Martín, J., Santos, I., Gaitán-Arroyo, M.J. et al. Dental color measurement to estimate age in adults: a systematic review and meta-analysis. Forensic Sci Med Pathol (2024). https://doi.org/10.1007/s12024-024-00798-4</subfield>
   </datafield>
   <datafield ind1="8" ind2=" " tag="024">
      <subfield code="a">https://hdl.handle.net/10630/33172</subfield>
   </datafield>
   <datafield ind1="8" ind2=" " tag="024">
      <subfield code="a">https://doi.org/10.1007/s12024-024-00798-4</subfield>
   </datafield>
   <datafield tag="653" ind2=" " ind1=" ">
      <subfield code="a">Odontología</subfield>
   </datafield>
   <datafield tag="653" ind2=" " ind1=" ">
      <subfield code="a">Medicina legal</subfield>
   </datafield>
   <datafield ind2="0" ind1="0" tag="245">
      <subfield code="a">Dental color measurement to estimate age in adults: a systematic review and meta-analysis</subfield>
   </datafield>
</record>
</metadata></record></GetRecord></OAI-PMH>